Intercalation of alkylamines and water into kaolinite with methanol kaolinite as a intermediate (Record no. 45489)

MARC details
000 -LEADER
fixed length control field 00523nam a2200181Ia 4500
100 ## - MAIN ENTRY--AUTHOR NAME
Personal name Komori Yoshihiko
245 #0 - TITLE STATEMENT
Title Intercalation of alkylamines and water into kaolinite with methanol kaolinite as a intermediate
260 ## - PUBLICATION, DISTRIBUTION, ETC. (IMPRINT)
Name of publisher Applied Clay Science
Year of publication 1999
300 ## - PHYSICAL DESCRIPTION
Number of Pages 241-252
650 ## - SUBJECT ADDED ENTRY--TOPICAL TERM
Topical Term Alkylamine
650 ## - SUBJECT ADDED ENTRY--TOPICAL TERM
Topical Term Hydrated kaolinite
650 ## - SUBJECT ADDED ENTRY--TOPICAL TERM
Topical Term Intercalation
650 ## - SUBJECT ADDED ENTRY--TOPICAL TERM
Topical Term Kaolinite
700 ## - ADDED ENTRY--PERSONAL NAME
Personal name KurodaKazuyuki
700 ## - ADDED ENTRY--PERSONAL NAME
Personal name Sugahara Yoshiyuki
942 ## - ADDED ENTRY ELEMENTS (KOHA)
Koha item type Reprints
Holdings
Withdrawn status Lost status Damaged status Not for loan Home library Current library Shelving location Date acquired Serial Enumeration / chronology Accession Number Koha item type
      Reprints RRII Library RRII Library Rubber chemistry 22/12/2021 Volume 15, Issue P01489 Reprints